000 01866cad a22002535a 4500
001 L145997
008 081201s2008 xxkd f s f000 0 eng d
035 _a(Sirsi) u145997
041 0 _aeng
050 0 4 _a333.33 $2 18
100 1 _aPawson, Hal
245 0 0 _aSector study 62
_bAnalysing key trends in the supply and distribution of social housing lettings
_h[electronic resource]
260 _aCambridge
_bHousing Corporation
_c2008
505 2 _aKey findings -- Factors underlying the reduction in lettings supply -- The decline in inflow of newly built dwellings -- The declining incidence of re-lets -- Factors underlying declining re-let supply -- Changing affordability of home ownership -- Policy factors -- Information tenancy changes -- Abandonments -- Deaths -- Factors underlying the declining incidence of lettings, summary -- Future prospects -- Profile of households entering social housing -- Ethnic Origin -- Employment status -- Social housing moves and spatial mobility -- Social housing moves and ethnic segregation -- Endnote
520 _aIn the decade to 2006/07, the number of social lettings in England fell by 40%. This study looks at the factors leading to this trend and looks at how lettings processes are affecting the residualisation of social housing and the ethnic segregation of communities. It also assesses the geographical distances travelled by those moving to take up social tenancies and how choice-based lettings impact upon the pattern of house moves.
521 _aAdvanced
590 _aKA
651 4 _aEngland and Wales
_y1543-
690 _aResidential property
_96266
700 1 _aWatkins, David
710 1 _aUnited Kingdom
_bHousing Corporation
_95568
856 4 0 _uhttps://www.housingcorp.gov.uk/server/show/ConWebDoc.16160
_zView the item free of charge online at www.housingcorp.gov.uk...
942 _n0
999 _c109012
_d109012